AMERICA LATINA: ¿FEUDALISMO O CAPITALISMO? /

Guardat en:
Dades bibliogràfiques
Autor principal: Gunder Frank, André (autor)
Altres autors: Puiggros, Rodolfo (autor) (autor), Laclau, Ernesto (autor) (autor)
Format: Llibre
Col·lecció:CUADERNOS DE LA OVEJA NEGRA; 4
Matèries:
Etiquetes: Afegir etiqueta
Sense etiquetes, Sigues el primer a etiquetar aquest registre!

MARC

LEADER 00000nam^a2200000^a^4500
001 000226821
005 20250521000000.0
009 20260310104220.644
035 |a 045428 
037 |a Acervo Xavier Clavigero 
082 |a 305. 098  |b GUN 
100 |a Gunder Frank, André  |e (autor) 
245 1 0 |a AMERICA LATINA:  |b ¿FEUDALISMO O CAPITALISMO? /  |c ANDRE GUNDER FRANK, RODOLFO PUIGGROS, ERNESTO LACLAU 
264 |a Medellín, Colombia :  |b La Oveja Negra,  |c 1972 
300 |a 162 p. 
336 |a texto  |b txt  |2 rdacontenido 
337 |a sin mediación  |b n  |2 rdamedio 
338 |a volumen  |b nc  |2 rdasoporte 
440 |a CUADERNOS DE LA OVEJA NEGRA;  |v 4 
649 |a XX 
650 |a Iberoamérica -  |x Condiciones Sociales y Culturales 
650 |a Iberoamérica -  |x Condiciones Económicas 
700 |a Puiggros, Rodolfo  |e (autor) 
700 |a Laclau, Ernesto  |e (autor) 
910 |a Fondo General 
920 |a Impresos - Libros 
930 |a Colección General 
905 |a 101 
901 |a 045428  |b IT1  |c ACC  |i 045428  |u 20250521 
902 |a https://opac.biblio.iteso.mx/vufind/Record/000226821